000 01072naa a22002777a 4500
001 BR8806179
003 BR-BrBNA
005 20240918180322.0
007 ta
008 230509b bl.||||| |||| 00| 0 por d
040 _aBR-BrBNA
_bpor
_cBiblioteca Nacional de Agricultura
041 _a(Pt)
072 _aL51; Q02
_b3725
090 _aL51 BR8806179
100 1 _aMacarini, J.D.
111 1 _a7. Congresso Brasileiro de Reproducao Animal
_cBelo Horizonte, MG (Brazil)
_d1987
245 1 _aOs harmonios na industria de alimentos
260 3 _aCampinas, SP (Brasil):
_c1988.
500 _aLamounier, R.E.V. (ed.) 7. Congresso Brasileiro de Reproducao Animal. Anais Campinas, SP (Brasil): 1988. p. 343-345 (BR8806179-AM)L51
650 _aHORMONIO
650 _aZOOTECNIA
650 _aINDUSTRIA ALIMENTICIA
773 0 _t7. Congresso Brasileiro de Reproducao Animal. Anais
_aLamounier, R.E.V. (ed.). Fundacao Cargill, Campinas, SP (Brasil)
_wL51 BR8806179
_gCampinas, SP (Brasil), 1988. p. 343-345
909 _a202404
_bLucia
_c55
_dLucia Elande
942 _cAM
_2AGRIS
999 _c319783
_d319783